header

Bioenergy development (Record no. 215449)

MARC details
000 -LEADER
fixed length control field 01462nam a2200361Ia 4500
082 04 - DEWEY DECIMAL CLASSIFICATION NUMBER
Classification number 333.95/39
100 1# - MAIN ENTRY--AUTHOR NAME
Personal name Cushion, Elizabeth.
245 10 - TITLE STATEMENT
Title Bioenergy development
260 ## - PUBLICATION, DISTRIBUTION, ETC. (IMPRINT)
Place of publication Washington, D.C. :
Name of publisher World Bank,
Year of publication c2010.
300 ## - PHYSICAL DESCRIPTION
Number of Pages xviii, 249 p. :
Other physical details ill.
490 1# - SERIES STATEMENT
Series statement Agriculture and rural development
650 #0 - SUBJECT ADDED ENTRY--TOPICAL TERM
Topical Term Biomass energy.
Topical Term Biomass energy
700 1# - ADDED ENTRY--PERSONAL NAME
Personal name Whiteman, Adrian.
Personal name Dieterle, Gerhard.
856 40 - ELECTRONIC LOCATION AND ACCESS
Uniform Resource Identifier http://site.ebrary.com/lib/rucke/Doc?id=10364111

No items available.

© 2026 Rongo University
Contact us: librarian | system librarian | Rongo university